000 00248nam a22001217a 4500
008 170529b xxu||||| |||| 00| 0 eng d
041 _aeng
080 _a007
100 _a27
101 _aIM
245 _aSIBERNETIK
_cAKALIN, S
942 _2udc
_cBK
999 _c14739
_d14739